000 01784nam a22001457a 4500
999 _c516251
_d516251
008 210220b ||||| |||| 00| 0 eng d
100 _aTieken, Mara Casey
_924291
245 _a“We don't know how to do this”: Rural parents' perspectives on and roles in enrollment at a private, selective liberal arts college
260 _aRural Sociology
300 _a85(3), Sep, 2020: p.706-729
520 _aRural youth trail their non‐rural counterparts in college enrollment and attainment, especially for degrees from selective schools; these gaps further spatial inequality in the United States. Much research has focused on rural parents as impediments to rural college‐going: many rural parents did not attend college, and their educational aspirations for their children are lower than those of urban parents. However, every year, thousands of rural students do head to college, even to selective schools, and little is known about their parents' influence on their enrollment. This qualitative study focuses on rural parents without a bachelors degree, investigating the roles they play in their children's aspirations and enrollment at a private, selective liberal arts college and examining their perspectives on this type of school. The results suggest that parents are an important source of social capital, supporting aspirations and enrollment. They also show that these parents see a liberal arts education as a path to a remunerative and rewarding career, and, in supporting their children's college choice, they value factors—financial aid, proximity, and a welcoming school culture—that mitigate the social, cultural, and moral boundaries separating home from college. - Reproduced
773 _aRural Sociology
906 _aRURAL DEVELOPMENT
942 _cAR